|
|
|
|
| LEADER |
01296nam a2200289 a 4500 |
| 001 |
15502258 |
| 008 |
110120r20102009waua 001 0 eng d |
| 010 |
|
|
|a 2008940528
|
| 020 |
|
|
|a 9788120338814
|
| 020 |
|
|
|a 9780735626188 (pbk. : alk. paper)
|
| 040 |
|
|
|a DLC
|c DLC
|d BD-DhAAL
|
| 082 |
0 |
4 |
|a 005.75/85
|2 22
|
| 100 |
1 |
|
|a Smith, Bryan C.
|
| 245 |
1 |
0 |
|a Microsoft SQL Server 2008 MDX step by step /
|c Bryan C. Smith, C. Ryan Clay ; [edited by] Maureen Zimmerman.
|
| 260 |
|
|
|a Redmond, Wash. :
|b Microsoft Press ;
|a New Delhi :
|a PHI Learning Pvt. Ltd.,
|c c2009 [reprinted 2010].
|
| 300 |
|
|
|a xxiii, 363 p. :
|b ill. ;
|c 23 cm. +
|e 1 CD-ROM (4 3/4 in.)
|
| 500 |
|
|
|a Includes index.
|
| 541 |
1 |
|
|e 00021739
|
| 630 |
0 |
0 |
|a SQL server.
|
| 650 |
|
0 |
|a MDX (Computer program language)
|
| 650 |
|
0 |
|a Client/server computing.
|
| 650 |
|
0 |
|a Relational databases.
|
| 700 |
1 |
|
|a Clay, C. Ryan.
|
| 852 |
|
|
|a Ayesha Abed Library
|c General Shelf.
|
| 999 |
|
|
|c 10358
|d 10358
|
| 952 |
|
|
|0 0
|1 0
|2 ddc
|4 0
|6 005_758500000000000_SMI
|7 0
|9 14100
|a BRACUL
|b BRACUL
|c GEN
|d 2011-01-23
|e TRIM EDUCATION
|g 675.00
|l 1
|m 16
|o 005.7585 SMI
|p 3010021739
|r 2024-07-01
|s 2024-02-20
|t 1
|w 2011-01-23
|y BK
|
| 952 |
|
|
|0 0
|1 0
|2 ddc
|4 0
|6 005_758500000000000_SMI
|7 0
|9 14101
|a BRACUL
|b BRACUL
|c AV
|d 2011-01-23
|l 0
|o 005.7585 SMI
|p 4010021739
|r 2011-01-23
|t 1
|w 2011-01-23
|y AV
|